书目信息 |
| 题名: |
2008中国随笔排行榜
|
|
| 作者: | 张秀枫 主编 ;中国散文学会 评选 | |
| 分册: | ||
| 出版信息: | 北京 北京工业大学出版社 2009.01 |
|
| 页数: | 315页 | |
| 开本: | 24cm | |
| 丛书名: | ||
| 单 册: | ||
| 中图分类: | I267.1 | |
| 科图分类: | ||
| 主题词: | 随笔--sui bi--中国--2008--选集 | |
| 电子资源: | ||
| ISBN: | 978-7-5639-2040-2 | |
| 000 | 00898nam0 2200241 450 | |
| 001 | 012009614421 | |
| 005 | 20090916152811.07 | |
| 010 | @a978-7-5639-2040-2@dCNY32.80 | |
| 100 | @a20090916d2009 em y0chiy0120 ea | |
| 101 | 0 | @achi |
| 102 | @aCN@b110000 | |
| 105 | @ay z 000yy | |
| 106 | @ar | |
| 200 | 1 | @a2008中国随笔排行榜@A2008 zhong guo sui bi pai xing bang@f中国散文学会评选@Fzhong guo san wen xue hui ping xuan@g张秀枫主编@Gzhang xiu feng zhu bian |
| 210 | @a北京@c北京工业大学出版社@d2009.01 | |
| 215 | @a315页@d24cm | |
| 330 | @a本书的主要内容有: 你不能没有家、圣火、今日三峡、转身、敬畏生命、趋近自然、我与季老在北大的日子、我的轮椅等。 | |
| 606 | 0 | @a随笔@Asui bi@y中国@z2008@j选集 |
| 690 | @aI267.1@v4 | |
| 701 | 0 | @a张秀枫@Azhang xiu feng@4主编 |
| 712 | 02 | @a中国散文学会@Azhong guo san wen xue hui@4评选 |
| 801 | 0 | @aCN@bQSSK@c20090916 |
| 905 | @b751721-23@dI267.1@eZ211@f3 | |
| 2008中国随笔排行榜/中国散文学会评选/张秀枫主编.-北京:北京工业大学出版社,2009.01 |
| 315页;24cm |
| ISBN 978-7-5639-2040-2:CNY32.80 |
| 本书的主要内容有: 你不能没有家、圣火、今日三峡、转身、敬畏生命、趋近自然、我与季老在北大的日子、我的轮椅等。 |
| ● |
| 相关链接 |
|
|
|
正题名:2008中国随笔排行榜
索取号:I267.1/Z211
 
预约/预借
| 序号 | 登录号 | 条形码 | 馆藏地/架位号 | 状态 | 备注 |
| 1 | 751721 | 207517212 | 社科二线422/116文学库 11排4列1层/ [索取号:I267.1/Z211] | 在馆 | |
| 2 | 751722 | 207517221 | 文学库116/116文学库 11排4列1层/ [索取号:I267.1/Z211] | 在馆 | |
| 3 | 751723 | 207517230 | 文学库116/116文学库 11排4列1层/ [索取号:I267.1/Z211] | 在馆 |